000 00538nam a22001817a 4500
003 0
005 20250930081623.0
008 250930b xxu||||| |||| 00| 0 eng d
020 _a979-8-89161-597-7
050 _aBF 311
_b.R64 2025
100 _aRogers, Vernon,
_eauthor.
245 _aCognitive psychology /
_cVernon Rogers.
260 _aJersey City, USA :
_bAlexis Press,
_c2025.
300 _ax, 271 pages ;
_c27 cm.
504 _aIncludes bibliographical references and index.
650 _aCognitive psychology.
942 _2lcc
_cBK
999 _c368140
_d368140